书目信息 |
| 题名: |
人生不败第一计
|
|
| 作者: | 朱健 , 王千峰 著 ;徐峰漓 图 | |
| 分册: | ||
| 出版信息: | 北京 中国发展出版社 2010.03 |
|
| 页数: | 219页 | |
| 开本: | 24cm | |
| 丛书名: | 中国式人生智慧图解书系 | |
| 单 册: | ||
| 中图分类: | B821 | |
| 科图分类: | ||
| 主题词: | 兵法--bing fa--应用--人生哲学--通俗读物 | |
| 电子资源: | ||
| ISBN: | 978-7-80234-518-8 | |
| 000 | 01268nam 2200301 450 | |
| 001 | 012010310079 | |
| 005 | 20100627153950.43 | |
| 010 | @a978-7-80234-518-8@dCNY28.00 | |
| 100 | @a20100627d2010 em y0chiy0120 ea | |
| 101 | 0 | @achi |
| 102 | @aCN@b110000 | |
| 105 | @aa z 000yy | |
| 106 | @ar | |
| 200 | 1 | @a人生不败第一计@Aren sheng bu bai di yi ji@d= Ways to win@e在竞争中成为赢家的策略@f朱健, 王千峰著@Fzhu jian,wang qian feng zhu@g徐峰漓图@Gxu feng li tu@zeng |
| 210 | @a北京@c中国发展出版社@d2010.03 | |
| 215 | @a219页@c图@d24cm | |
| 225 | 2 | @a中国式人生智慧图解书系@Azhong guo shi ren sheng zhi hui tu jie shu xi |
| 330 | @a本书通过兵家思想和现代生活的有机结合,把竞争中的一系列问题总结为计与战、力与智、利与害、迂与直、奇与正、顺与逆、虚与实、动与静、缓与疾、势与能、明与暗等11个对立的范畴,充分发挥兵家刚柔并济的策略价值。 | |
| 410 | 0 | @12001 @a中国式人生智慧图解书系 |
| 510 | 1 | @aWays to win@zeng |
| 517 | 1 | @a在竞争中成为赢家的策略@Azai jing zheng zhong cheng wei ying jia de ce lue |
| 606 | 0 | @a兵法@Abing fa@x应用@x人生哲学@j通俗读物 |
| 690 | @aB821@v4 | |
| 701 | 0 | @a朱健@Azhu jian@4著 |
| 701 | 0 | @a王千峰@Awang qian feng@4著 |
| 702 | 0 | @a徐峰漓@Axu feng li@4图 |
| 801 | 0 | @aCN@bQSSK@c20100627 |
| 905 | @b784878-80@dB821@eZ855@f3 | |
| 人生不败第一计= Ways to win:在竞争中成为赢家的策略/朱健, 王千峰著/徐峰漓图.-北京:中国发展出版社,2010.03 |
| 219页:图;24cm.-(中国式人生智慧图解书系) |
| ISBN 978-7-80234-518-8:CNY28.00 |
| 本书通过兵家思想和现代生活的有机结合,把竞争中的一系列问题总结为计与战、力与智、利与害、迂与直、奇与正、顺与逆、虚与实、动与静、缓与疾、势与能、明与暗等11个对立的范畴,充分发挥兵家刚柔并济的策略价值。 |
| ● |
| 相关链接 |
|
|
|
正题名:人生不败第一计
索取号:B821/Z855
 
预约/预借
| 序号 | 登录号 | 条形码 | 馆藏地/架位号 | 状态 | 备注 |
| 1 | 784878 | 207848784 | 社科库509/509社科库 24排2列2层/ [索取号:B821/Z855] | 在馆 | |
| 2 | 784879 | 207848793 | 社科库509/509社科库 24排2列2层/ [索取号:B821/Z855] | 在馆 | |
| 3 | 784880 | 207848800 | 社科库509/509社科库 24排2列2层/ [索取号:B821/Z855] | 在馆 |